Využitie metódy „Mystery shoping“ v rešteuračných službách bakalárska práca
Na minha lista:
| Autor principal: | |
|---|---|
| Autor Corporativo: | |
| Outros Autores: | |
| Formato: | Livro |
| Idioma: | eslovaco |
| Publicado em: |
Košice
2018
|
| Tags: |
Sem tags, seja o primeiro a adicionar uma tag!
|
MARC
| LEADER | 00000nbm a2200000 4500 | ||
|---|---|---|---|
| 001 | 0245780 | ||
| 005 | 20181024125434.8 | ||
| 041 | 0 | |a slo | |
| 044 | |a SK | ||
| 245 | 1 | 0 | |a Využitie metódy „Mystery shoping“ v rešteuračných službách |b bakalárska práca |c Pavol Gotzmann ; školiteľ: Michal Tkáč |
| 264 | 1 | |a Košice |c 2018 | |
| 300 | |a 41 s. | ||
| 100 | 1 | |a Gotzmann, Pavol | |
| 700 | 1 | |a Tkáč, Michal, 1958- | |
| 710 | 2 | |a Podnikovohospodárska fakulta EU so sídlom v Košiciach. Katedra kvantitatívnych metód | |